| 000 | 00412nam a22001697a 4500 | ||
|---|---|---|---|
| 003 | NUST - PNEC | ||
| 005 | 20170116181148.0 | ||
| 008 | 151013b xxu||||| |||| 00| 0 eng d | ||
| 020 | _a- | ||
| 040 | _cLIBRARY | ||
| 082 | _a954.4 CLA | ||
| 100 |
_915168 _aClark John |
||
| 245 |
_aHunza Lost Kingdom Of Himalayas _cJohn Clark |
||
| 260 | _cc 1956 | ||
| 650 |
_915169 _aGeneral _xGeneral |
||
| 942 |
_2ddc _cBK |
||
| 999 |
_c70800 _d70800 |
||